| 000 | 00681nam a2200253 a 4500 | ||
|---|---|---|---|
| 999 |
_c6636 _d6636 |
||
| 001 | 6636 | ||
| 003 | BD-JhCC | ||
| 005 | 20180217104341.0 | ||
| 008 | 180127s1964 pk |||| |||| 000 0 eng d | ||
| 035 | _a(BD-JhCC) | ||
| 040 |
_aBD-JhCC _dBD-JhCC |
||
| 041 | _aeng | ||
| 082 |
_a510 _bALI 1964 |
||
| 100 | _aAli, Hohibbe | ||
| 245 |
_aGeneral Mathematics: _cMohibbe Ali and Ronald D'Souza _b Arithmetic, Algebra, & Geometry for Class VIII / |
||
| 260 |
_aPakistan: _bSir Syed Book Company; _c1964 |
||
| 300 |
_a299 p;, _c18 cm |
||
| 650 | _aMathematics | ||
| 650 | _aArithmetic | ||
| 650 | _aAlgebra | ||
| 650 | _aGeometry | ||
| 700 | _a D'Souza, Ronald | ||
| 942 |
_2ddc _cBK |
||